| 000 | 00374nam a22001337a 4500 | ||
|---|---|---|---|
| 020 | _a85345289 | ||
| 082 | _a301.44 420 94 ABE | ||
| 100 | _aABENDROTH, Wolfgang | ||
| 245 | _aA Short History of the European Working Class | ||
| 260 |
_aNew York _bMonthly Review Press _c1972 |
||
| 300 |
_a204p. _b21cm |
||
| 650 | _aA Short history of the european working class | ||
| 942 | _cBK | ||
| 999 |
_c12997 _d12997 |
||